| 000 | 00463nam a22001817a 4500 | ||
|---|---|---|---|
| 003 | MPLRDC | ||
| 005 | 20220104200047.0 | ||
| 008 | 210129b ||||| |||| 00| 0 eng d | ||
| 020 | _a978-988-8156-88-7 | ||
| 082 | _a848.3 SX-32 | ||
| 100 | _a深雪 ZITA LAW | ||
| 245 |
_a盛女婚纱店 _c |
||
| 250 | _a初版一刷 | ||
| 260 |
_a香港 _b青马文化事业出版有限公司 _c2014 |
||
| 300 | _b平 | ||
| 650 | _a现代别集 | ||
| 942 |
_cBK _o848.3 SX-32 |
||
| 999 |
_c66514 _d66504 |
||